000 00457nam a2200181Ia 4500
001 18767
005 20260306171655.0
008 260306s9999||||xx |||||||||||||| ||und||
041 _aESP
082 _a658.5
_bE323
100 _aEdgar Voysest, Rómulo,
_eAUT
245 0 _aCadena de abastecimiento :
_bgestión en entornos competitivos
260 _c2009
300 _a418 páginas :
_c
650 _aGEN
654 _aCAN
942 _cLIB
_dJUS
_fJUS
_2ddc
_n
999 _c18767
_d18767